Najlepiej sprzedające się gry w historii - Statystyki

Ogólne statystyki
  • Ten quiz został rozwiązany 215 razy
  • Średni wynik to 3 z 10
Statystyki odpowiedzi
Liczba sprzedanych kopii Gra % Poprawnych
238 mln Minecraft
82%
180 mln GTA V
78%
50 mln Wiedźmin 3 + Dodatki
31%
100 mln Tetris (EA - mobilny)
27%
53 mln Red Dead Redemption 2
18%
58 mln Super Mario Bros
18%
75 mln PUBG
7%
82,9 mln Wii Sports
4%
43,8 mln Pokemon Red/Green/Blue/Yellow
3%
62,25 mln Mario Kart 8
2%
Nie znaleziono quizów pasujących do podanych kryteriów
Rozkład punktacji
Procent ludzi z każdym wynikiem
Percentyl według liczby udzielonych odpowiedzi
Twoja historia wyników
Nie rozwiązałeś tego quizu